01342nam a2200337Ia 4500001001200000003000800012006001900020007001500039008004100054020001800095020001800113040002100131035002100152050002300173082001800196100002700214245009700241260004900338300002300387490003300410504005100443533015200494650004700646650002900693650003400722650003500756655002900791710001700820830004100837856012600878ebr10661634CaPaEBRm u cr cn|||||||||111101s2011 nyua sb 001 0 eng d z9781611222142 z9781617617966 aCaPaEBRcCaPaEBR a(OCoLC)75920769114aRA971b.H37 2011eb04a362.109932231 aHarvey, Peter William.10aSelf-management and the health care consumerh[electronic resource] /cPeter William Harvey. aNew York :bNova Science Publishers,cc2011. axi, 176 p. :bill.1 aHealth and human development aIncludes bibliographical references and index. aElectronic reproduction.bPalo Alto, Calif. :cebrary,d2013.nAvailable via World Wide Web.nAccess may be limited to ebrary affiliated libraries. 0aHealth services administrationzAustralia. 0aMedical carezAustralia. 0aSelf-care, HealthzAustralia. 0aHealth care reformzAustralia. 7aElectronic books.2local2 aebrary, Inc. 0aHealth and human development series.40uhttp://site.ebrary.com/lib/rucke/Doc?id=10661634zAn electronic book accessible through the World Wide Web; click to view